Vnútorné predpisy účtovnej jednotky pre oblasť účtovníctva bakalárska práca
Guardado en:
| Autor principal: | |
|---|---|
| Autor Corporativo: | |
| Otros Autores: | |
| Formato: | Libro |
| Lenguaje: | eslovaco |
| Publicado: |
Bratislava
2010
|
| Etiquetas: |
Sin Etiquetas, Sea el primero en etiquetar este registro!
|
MARC
| LEADER | 00000nam$a2200000$$$4500 | ||
|---|---|---|---|
| 001 | 0137147 | ||
| 005 | 20240320072845.8 | ||
| 041 | 0 | |a slo | |
| 044 | |a SK | ||
| 245 | 1 | 0 | |a Vnútorné predpisy účtovnej jednotky pre oblasť účtovníctva |b bakalárska práca |c Nina Mudráková ; školiteľ: Veronika Dubielová |
| 264 | 1 | |a Bratislava |c 2010 | |
| 300 | |a 42 s. | ||
| 100 | 1 | |a Mudráková, Nina | |
| 700 | 1 | |a Dubielová, Veronika | |
| 710 | 2 | |a Fakulta hospodárskej informatiky EU. Katedra účtovníctva a audítorstva | |